书目信息 |
| 题名: |
朱自清作品集精读本
|
|
| 作者: | 朱自清 著 | |
| 分册: | ||
| 出版信息: | 西安 太白文艺出版社 2008 |
|
| 页数: | 372页 | |
| 开本: | 24cm | |
| 丛书名: | ||
| 单 册: | ||
| 中图分类: | I-5 , I-5 | |
| 科图分类: | ||
| 主题词: | 现代文学 , 中国文学--现代文学--作品集 , 中国文学 , 文学 , 文学 | |
| 电子资源: | ||
| ISBN: | 7-222-02565-0 | |
| 000 | 00809nam0 2200301 450 | |
| 001 | 1251686347 | |
| 005 | 20121015142438.93 | |
| 010 | @a7-222-02565-0@dCNY24.00 | |
| 100 | @a20100920e20092008em y0chiy50 ea | |
| 101 | 0 | @achi |
| 102 | @aCN@b610000 | |
| 102 | @aCN@b530000 | |
| 105 | @ay z 000zy | |
| 106 | @ar | |
| 200 | 1 | @a朱自清作品集精读本@f朱自清[著]@Azhu zi qing zuo pin ji jing du ben |
| 210 | @a西安@c太白文艺出版社@d2008@h2009重印 | |
| 210 | @a昆明@c云南人民出版社 | |
| 215 | @a372页@d24cm | |
| 606 | 0 | @a现代文学 |
| 606 | 0 | @a中国文学@x现代文学@x作品集 |
| 606 | 0 | @a中国文学 |
| 606 | 0 | @a文学 |
| 606 | 0 | @a文学 |
| 690 | @aI-5@v4 | |
| 690 | @aI-5@v4 | |
| 701 | 0 | @a朱自清@Azhu zi qing@f(1898~1948)@4著 |
| 801 | 0 | @aCN@bSC@c20100330 |
| 905 | @a10447@dI-5@eJY15 | |
| 朱自清作品集精读本/朱自清[著].-西安:太白文艺出版社,2008(2009重印 ).-昆明:云南人民出版社 |
| 372页;24cm |
| ISBN 7-222-02565-0:CNY24.00 |
| ● |
| 相关链接 |
|
|
|
|
正题名:朱自清作品集精读本
索取号:I-5/JY15
 
预约/预借
| 序号 | 登录号 | 条形码 | 馆藏地/架位号 | 状态 | 备注 |
| 1 | 7823964 | 278239648 | 学院路分馆/ [索取号:I-5/JY15] | 在馆 | |
| 2 | 7823965 | 278239657 | 学院路分馆/ [索取号:I-5/JY15] | 在馆 | |
| 3 | 7823966 | 278239666 | 学院路分馆/ [索取号:I-5/JY15] | 在馆 | |
| 4 | 7823967 | 278239675 | 学院路分馆/ [索取号:I-5/JY15] | 在馆 |